Movies Without Grammar Quiz Stats

Quiz Updated May 15, 2012

Challenge
Share
Tweet
Embed
Score 0/60 Timer 06:00
4 Plays Today
% Correct
Kill
96.1%
Dead
95.6%
Strikes
94.2%
Redemption
93.3%
Like
91.9%
after
91.9%
Back
91.7%
with
91.2%
upon
90.4%
Goes
89.5%
Hidden
89.1%
Live
89.1%
Fatal
88.3%
Something
87.6%
What
86.9%
through
86.9%
Dogs
86.1%
Now
86%
Who
85.7%
by
84.9%
Jump
84.4%
Stand
84.3%
Suspects
84.1%
All
83.1%
Hard
82.7%
Your
81.5%
Ours
80.8%
Rebel
80.7%
Enemy
80.3%
Not
77.1%
% Correct
Myself
76.4%
We
75.6%
Happened
75%
about
74.1%
Beneath
73.4%
Shoot
73.2%
Over
72.1%
Which
71.6%
into
67.1%
True
66.9%
Labyrinth
63.8%
Run
63.2%
Desperately
61.1%
Above
50.6%
Away
50.5%
Forever
49.1%
Just
44.9%
Real
42.3%
Mean
41.5%
beyond
40.4%
Ordinary
38.8%
Strangers
35.9%
They
30.8%
Evil
25.8%
City
24.6%
Modern
22.5%
Rainbow
22.5%
Everyone
22.1%
Wild
19.9%
Quiet
12.8%

You're not logged in!

Compare scores with friends on all Sporcle quizzes.
Sign Up with Email
OR
Log In

You Might Also Like...

Show Comments

Extras

Top Quizzes Today


Score Distribution

Your Account Isn't Verified!

In order to create a playlist on Sporcle, you need to verify the email address you used during registration. Go to your Sporcle Settings to finish the process.